| 000 | 02317cam a22005414i 4500 | ||
|---|---|---|---|
| 003 | PE-LiUPU | ||
| 005 | 20250731165641.0 | ||
| 008 | 150616s r 000 0 d | ||
| 020 | _a9651701927 | ||
| 035 | _a(Sirsi) i9789651701924 | ||
| 040 |
_aPE-LiUPU _bspa _cPE-LiUPU _erda |
||
| 049 | _aPRUA | ||
| 082 | 0 | 4 |
_a221.03 _bE96 _221 |
| 100 | 1 |
_aEven-Shoshan, Abraham, _eautor. |
|
| 245 | 1 | 2 |
_aA new concordance of the Bible : _bthesaurus of the language of the Bible Hebrew and Aramaic roots, words, proper names phrases and synonyms / _cAbrham Even-Shoshan. |
| 264 | 1 |
_aJerusalem, Israel : _b"Kiryat Sefer" Publishing House, _c1997. |
|
| 300 |
_a1242 páginas ; _c28 centímetros |
||
| 336 |
_atext _2rdacontent |
||
| 337 |
_aunmediated _2rdamedia |
||
| 338 |
_avolume _2rdacarrier |
||
| 500 | _aOtra ed. 1993. | ||
| 505 | 0 | _aConcordancia en Hebreo y Arameo Hebreo Arameo. | |
| 526 | _aSEG44 | ||
| 526 | _aSEG26 | ||
| 526 | _aP151 | ||
| 526 | _aP150 | ||
| 526 | _aP149 | ||
| 526 | _aP146 | ||
| 526 | _aP145 | ||
| 526 | _aP126 | ||
| 526 | _aP125 | ||
| 526 | _aP92 | ||
| 526 | _aP75 | ||
| 526 | _aP74 | ||
| 526 | _aP27 | ||
| 526 | _aP15 | ||
| 630 |
_aBiblia. _pA.T. _lHebreo-Arameo _vConcordancias. |
||
| 910 |
_ajck _bjvq _cjck |
||
| 942 |
_2ddc _cBOOK |
||
| 949 |
_aRC 221.03 E96 _wDEWEY _c1 _i45771 _lCCODEBUL1 _mBUL _r0 _sY _tBOOK _u2015-6-16 _xTEOLOGIA _PP35 _0COMPRA _o.CIRCNOTE. No olvidar cambiar la fecha de devolución!!!!!!! _o.STAFF. Colección General |
||
| 949 |
_aRC 221.03 E96 _wDEWEY _c2 _i40594 _d2015-11-13 _lCCODEBUL1 _mBUL _q1 _r0 _sY _tBOOK _u2015-4-23 _xTEOLOGIA _PP35 _0COMPRA _o.CIRCNOTE. No olvidar cambiar la fecha de devolución!!!!!!! _o.STAFF. Colección General |
||
| 994 |
_aC0 _bPEPRU |
||
| 596 | _a1 | ||
| 999 |
_aRC 221.03 E96 _wDEWEY _c58386 _i45771 _d58386 _e2021-4-15 _f2021-12-10 _g6 _lCCODEBUL1 _mBUL _n1 _q34 _r1 _sY _tBOOK _u2015-6-16 _xTEOLOGIA _PP35 _0COMPRA _o.CIRCNOTE. No olvidar cambiar la fecha de devolución!!!!!!! _o.STAFF. Colección General |
||
| 999 |
_aRC 221.03 E96 _wDEWEY _c2 _i40594 _d2019-6-25 _f2021-11-8 _g6 _lCCODEBUL1 _mBUL _q31 _r1 _sY _tBOOK _u2015-4-23 _xTEOLOGIA _PP35 _0COMPRA _o.CIRCNOTE. No olvidar cambiar la fecha de devolución!!!!!!! _o.STAFF. Colección General |
||
| 980 |
_81 _gALBERTO SANCHEZ Responsable de Automatización |
||